Vývoj počítačového programu pre zber, zobrazenie a analýzu dát z iónového pohyblivostného spektrometra

Uložené v:
Podrobná bibliografia
Hlavný autor: Petrík, Matej (Autor)
Ďalší autori: Matejčík, Štefan (Vedúci práce)
Médium: Rukopis Kniha
Jazyk:Slovak
Vydavateľské údaje: 2023
Predmet:
On-line prístup:http://is.stuba.sk/zp/portal_zp.pl?podrobnosti=169847
Tagy: Pridať tag
Žiadne tagy, Buďte prvý, kto otaguje tento záznam!

MARC

LEADER 00000ntm a22000003a 4500
001 stuzp94862
003 SK-STU
005 20230909223347.0
007 ta
008 150427s2015----xo-----f-mn---000-0-slo-d
040 |a STU  |b slo 
041 0 |a slo 
100 1 |a Petrík, Matej  |u 070400  |k Z3  |4 aut  |U FIIT Fakulta informatiky a informačných technológií  |T FIIT Ústav počítačového inžinierstva a aplikovanej informatiky  |X 97006  |U I400  |Y 672  |7 97006 
242 0 1 |a Development of a computer program for collection, display and analysis of data from the ion mobility spectrometer  |y eng 
245 1 0 |a Vývoj počítačového programu pre zber, zobrazenie a analýzu dát z iónového pohyblivostného spektrometra 
260 |c 2023 
650 4 |a Iónová pohyblivostná spektrometria  |2 slo 
650 4 |a Iónový pohyblivostný spektrometer  |2 slo 
650 4 |a Vývoj programu  |2 slo 
650 4 |a Meracia karta  |2 slo 
650 4 |a Measuring card  |2 eng 
650 4 |a Ion mobility spectrometer  |2 eng 
650 4 |a Program development  |2 eng 
650 4 |a Ion mobility spectrometry  |2 eng 
700 1 |a Matejčík, Štefan  |4 ths  |X 69753  |7 69753 
856 4 |u http://is.stuba.sk/zp/portal_zp.pl?podrobnosti=169847